<?xml version="1.0" encoding="UTF-8"?>
<record
    xmlns:xsi="http://www.w3.org/2001/XMLSchema-instance"
    xsi:schemaLocation="http://www.loc.gov/MARC21/slim http://www.loc.gov/standards/marcxml/schema/MARC21slim.xsd"
    xmlns="http://www.loc.gov/MARC21/slim">

  <leader>02022nam a2200541 i 4500</leader>
  <controlfield tag="001">2717</controlfield>
  <controlfield tag="003">gttocutb</controlfield>
  <controlfield tag="005">20260307112218.0</controlfield>
  <controlfield tag="007">ta</controlfield>
  <controlfield tag="008">260307b2013    gt |||||r|||| 001 0 spa d</controlfield>
  <datafield tag="040" ind1=" " ind2=" ">
    <subfield code="a">gttocutb</subfield>
    <subfield code="b">spa</subfield>
    <subfield code="c">gttocutb</subfield>
    <subfield code="d">gttocutb</subfield>
    <subfield code="e">rda</subfield>
  </datafield>
  <datafield tag="082" ind1="0" ind2="4">
    <subfield code="a">100 G165</subfield>
  </datafield>
  <datafield tag="100" ind1="1" ind2=" ">
    <subfield code="a">Garc&#xED;a Morente, Manuel,</subfield>
    <subfield code="e">autor.</subfield>
  </datafield>
  <datafield tag="245" ind1="1" ind2="0">
    <subfield code="a">Lecciones preliminares de filosof&#xED;a /</subfield>
    <subfield code="c">autor Manuel Garc&#xED;a Morente. </subfield>
  </datafield>
  <datafield tag="264" ind1="1" ind2=" ">
    <subfield code="a">Guatemala : </subfield>
    <subfield code="b">Editorial estudiantil Fenix</subfield>
    <subfield code="c">2013.</subfield>
  </datafield>
  <datafield tag="300" ind1="1" ind2=" ">
    <subfield code="a">207 p&#xE1;ginas :</subfield>
    <subfield code="c">21 cm.</subfield>
  </datafield>
  <datafield tag="336" ind1=" " ind2=" ">
    <subfield code="2">rdacontenido</subfield>
    <subfield code="a">texto</subfield>
    <subfield code="b">txt</subfield>
  </datafield>
  <datafield tag="337" ind1=" " ind2=" ">
    <subfield code="2">rdamedio</subfield>
    <subfield code="a">sin mediaci&#xF3;n</subfield>
    <subfield code="b">n</subfield>
  </datafield>
  <datafield tag="338" ind1=" " ind2=" ">
    <subfield code="2">rdasoporte</subfield>
    <subfield code="a">volumen</subfield>
    <subfield code="b">nc</subfield>
  </datafield>
  <datafield tag="505" ind1="0" ind2="4">
    <subfield code="g">Contenido</subfield>
  </datafield>
  <datafield tag="505" ind1="0" ind2="4">
    <subfield code="t">El conjunto de la filosof&#xED;a --</subfield>
  </datafield>
  <datafield tag="505" ind1="0" ind2="4">
    <subfield code="t">El m&#xE9;todo de la filosof&#xED;a --</subfield>
  </datafield>
  <datafield tag="505" ind1="0" ind2="4">
    <subfield code="t">La intuici&#xF3;n como m&#xE9;todo de la filosof&#xED;a --</subfield>
  </datafield>
  <datafield tag="505" ind1="0" ind2="4">
    <subfield code="t">Ingreso en la ontolog&#xED;a --</subfield>
  </datafield>
  <datafield tag="505" ind1="0" ind2="4">
    <subfield code="t">La metaf&#xED;sica de parm&#xE9;nides --</subfield>
  </datafield>
  <datafield tag="505" ind1="0" ind2="4">
    <subfield code="t">El realismo de las ideas de Plat&#xF3;n --</subfield>
  </datafield>
  <datafield tag="505" ind1="0" ind2="4">
    <subfield code="t">El realismo aristot&#xE9;lico --</subfield>
  </datafield>
  <datafield tag="505" ind1="0" ind2="4">
    <subfield code="t">Origen del idealismo --</subfield>
  </datafield>
  <datafield tag="505" ind1="0" ind2="4">
    <subfield code="t">El sistema de descartes --</subfield>
  </datafield>
  <datafield tag="505" ind1="0" ind2="4">
    <subfield code="t">Femenolog&#xED;a del conocimiento .</subfield>
  </datafield>
  <datafield tag="505" ind1="0" ind2="4">
    <subfield code="t">El racionalismo --</subfield>
  </datafield>
  <datafield tag="505" ind1="0" ind2="4">
    <subfield code="t">La metaf&#xED;sica del racionalismo --</subfield>
  </datafield>
  <datafield tag="505" ind1="0" ind2="4">
    <subfield code="t">El problema del idealismo trascendental --</subfield>
  </datafield>
  <datafield tag="505" ind1="0" ind2="4">
    <subfield code="t">La est&#xE9;tica trascendental --</subfield>
  </datafield>
  <datafield tag="505" ind1="0" ind2="4">
    <subfield code="t">An&#xE1;litica trascendental --</subfield>
  </datafield>
  <datafield tag="505" ind1="0" ind2="4">
    <subfield code="t">Dial&#xE9;ctica trascendental --</subfield>
  </datafield>
  <datafield tag="505" ind1="0" ind2="4">
    <subfield code="t">Fudamentos morales de la metaf&#xED;sica --</subfield>
  </datafield>
  <datafield tag="505" ind1="0" ind2="4">
    <subfield code="t">El idealismo despu&#xE9;s de Kant --</subfield>
  </datafield>
  <datafield tag="505" ind1="0" ind2="4">
    <subfield code="t">Entrada en la ontolog&#xED;a --</subfield>
  </datafield>
  <datafield tag="505" ind1="0" ind2="4">
    <subfield code="t">De lo real a lo ideal --</subfield>
  </datafield>
  <datafield tag="505" ind1="0" ind2="4">
    <subfield code="t">Ontolog&#xED;a de los valores --</subfield>
  </datafield>
  <datafield tag="505" ind1="0" ind2="4">
    <subfield code="t">Ontolog&#xED;a de la vida --</subfield>
  </datafield>
  <datafield tag="520" ind1=" " ind2=" ">
    <subfield code="a">La filosof&#xED;a y su vivencia, definiciones filos&#xF3;ficas y vivencias filos&#xF3;ficas, sentido de la voz filosof&#xED;a, filosof&#xED;a antigua, filosof&#xED;a en la edad media.</subfield>
  </datafield>
  <datafield tag="521" ind1=" " ind2=" ">
    <subfield code="a">Recomendado para p&#xFA;blico en general.</subfield>
  </datafield>
  <datafield tag="650" ind1="1" ind2="4">
    <subfield code="2">LEMB</subfield>
    <subfield code="a">Conocimiento</subfield>
  </datafield>
  <datafield tag="650" ind1="1" ind2="4">
    <subfield code="2">LEMB</subfield>
    <subfield code="a">Filosof&#xED;a</subfield>
  </datafield>
  <datafield tag="942" ind1=" " ind2=" ">
    <subfield code="2">ddc</subfield>
    <subfield code="c">BK</subfield>
    <subfield code="n">0</subfield>
  </datafield>
  <datafield tag="999" ind1=" " ind2=" ">
    <subfield code="c">2717</subfield>
    <subfield code="d">2717</subfield>
  </datafield>
  <datafield tag="952" ind1=" " ind2=" ">
    <subfield code="0">0</subfield>
    <subfield code="1">0</subfield>
    <subfield code="2">ddc</subfield>
    <subfield code="4">0</subfield>
    <subfield code="7">0</subfield>
    <subfield code="8">gn</subfield>
    <subfield code="a">BICUNTOTO</subfield>
    <subfield code="b">BICUNTOTO</subfield>
    <subfield code="c">GEN</subfield>
    <subfield code="d">2014-07-24</subfield>
    <subfield code="e">Compra directa</subfield>
    <subfield code="f">237-246</subfield>
    <subfield code="i">53-H-1284-2014</subfield>
    <subfield code="l">0</subfield>
    <subfield code="o">100 G165</subfield>
    <subfield code="r">2026-03-09 18:44:48</subfield>
    <subfield code="w">2026-03-09</subfield>
    <subfield code="y">BK</subfield>
  </datafield>
</record>
